00529 2200169 4500245004000000020001800040250001100058100001300069650001600082005001900098260003100117041001400148084000800162300002900170500015100199336000900350 aKau Begitu SempurnacAriny NHhText a602-73315-2-6 aCet. 1 aAriny NH aNovel Fiksi a20231003090359 aJakartabWahyu Qolbuc2015 aIndonesia a813 aviii, 148 hlm. :c19 cm. ainilah kisah nyata seorang gadis penyandang difabel dengan keterbtasannya, dia mampu membutikan bahwa fisik tak menjadi penghalang untuk berkarya. atext